000 00461nam a2200181Ia 4500
001 24297
005 20260414151034.0
008 260414t2014||||xx |||||||||||||| ||spa||
041 _aESP
082 _a345.2
_bR47A
100 _aReyna Alfaro, Luis Miguel
_eAUT
245 0 _aLa terminación anticipada en el código procesal penal
_b
260 _c2014
300 _a430 páginas :
_c25 cm.
650 _aDER
654 _aCDE
942 _cLIB
_dJUS
_fJUS
_2ddc
_n
999 _c24297
_d24297